000 02024ccm a22005054a 4500
001 muse82576
003 MdBmJHUP
005 20210127151447.0
006 m o d
007 cr||||||||nn|n
008 930924r19941983txu o 00 0 eng d
010 _z 93039616
020 _a9780929398716
020 _z0929398718
035 _a(OCoLC)1142366116
040 _aMdBmJHUP
_cMdBmJHUP
245 0 0 _aSingin' Texas
_c[compiled] by Francis Edward Abernethy ; music arranged by Dan Beaty ; photographs by Francis Edward Abernethy.
264 1 _bUniversity of North Texas Press,
264 3 _bProject MUSE,
300 _a1 online resource (1 score xviii, 183 pages) :
_billustrations ;
490 0 _aPublications of the Texas Folklore Society ;
_vExB 18
500 _aIncludes ethnographical and historical notes, and index.
500 _aOriginally published: Dallas : E-Heart, 1983.
500 _aMelodies with chord symbols.
506 0 _aOpen Access
_fUnrestricted online access
_2star
588 _aDescription based on print version record.
650 0 _aFolk songs, English.
_2fast
_0(OCoLC)fst00929875
650 0 _aFolk music.
_2fast
_0(OCoLC)fst00929383
650 0 _aFolk songs, English
_zTexas
_xHistory and criticism.
650 0 _aFolk music
_zTexas
_xHistory and criticism.
650 0 _aFolk songs, English
_zTexas.
650 0 _aFolk music
_zTexas.
651 0 _aTexas.
_2fast
_0(OCoLC)fst01210336
655 0 _aCriticism, interpretation, etc.
_2fast
_0(OCoLC)fst01411635
655 7 _aElectronic books.
_2local
700 1 _aBeaty, Dan
_q(Daniel Joseph),
_d1937-2002,
_earranger.
700 1 _aAbernethy, Francis Edward.
710 2 _aProject Muse.
_edistributor
830 0 _aBook collections on Project MUSE.
856 4 0 _zFull text available:
_uhttps://muse.jhu.edu/book/72185/
999 _c25842
_d25842